| 000 | 00384nam a22001577a 4500 | ||
|---|---|---|---|
| 999 |
_c478754 _d478754 |
||
| 003 | NUST | ||
| 005 | 20180713065844.0 | ||
| 008 | 180713b ||||| |||| 00| 0 eng d | ||
| 038 | _a0 | ||
| 082 | _a302.23 | ||
| 100 | _4Faiza Batool | ||
| 245 | _aSecond screen phenomenon and news consumption in Pakistan | ||
| 260 |
_aIslamabad _bNUST _c2018 |
||
| 300 | _a110p | ||
| 942 |
_2ddc _cTHE |
||